¿ Puede sobrevivir el modelo social europeo? ¿La flexiguridad es la respuesta?
Guardat en:
| Format: | Text |
|---|---|
| Matèries: | |
| Etiquetes: |
Afegir etiqueta
Sense etiquetes, Sigues el primer a etiquetar aquest registre!
|
MARC
| LEADER | 00000 a a2200000 04500 | ||
|---|---|---|---|
| 001 | 18695 | ||
| 003 | |||
| 040 | |||
| 245 | |a ¿ Puede sobrevivir el modelo social europeo? ¿La flexiguridad es la respuesta? | ||
| 650 | |a FLEXIBILIDAD LABORAL | ||
| 650 | |a TRABAJO | ||
| 650 | |a POLITICA SOCIAL | ||
| 650 | |a EUROPA | ||
| 773 | |g número 59; páginas 23-25 | ||
| 999 | |c 38925 |d 38925 | ||
